| 000 | 00572nam a2200205Ia 4500 | ||
|---|---|---|---|
| 005 | 20250508151833.0 | ||
| 008 | 008 250505s9999 xx 000 0 eng d | ||
| 037 | _aTextual | ||
| 040 |
_aFEDL _beng _cFEDL |
||
| 041 |
_aeng _2eng |
||
| 084 |
_a155.45, RAS _qFEDL |
||
| 100 |
_aRasey Marie I. _9760120 |
||
| 245 | 0 | _aWhat we learn form children | |
| 260 |
_aNew York, USA _bHarper and Brothers _c1956 |
||
| 300 | _axv,164p | ||
| 650 | _aChild psychology | ||
| 700 |
_a Menge J. W. _9760121 |
||
| 942 |
_cTEXL _h155.45, RAS |
||
| 999 |
_c1332426 _d1332426 |
||